000 00573nam a22001937a 4500
999 _c6412
_d6412
003 GBCCL
005 20241126110602.0
008 180514b ||||| |||| 00| 0 eng d
040 _cgbc
082 _a920
_bCRO
100 _aMiller, Basil
_910950
245 _aFanny Crosby:
_bGod's singing Angel /
_cBasil Miller
260 _aColorado:
_bWorld-wide Missions,
_c1950
300 _a126 p.;
_c15 cm.
650 _aCrosby, Fanny
_y1820 - 1915
_911484
650 _aPoets, American
_y19th century
_xBiography
_911485
650 _aHymn writers
_xBiography
_911486
942 _2ddc
_cBK